LEADER 01472nam a2200313 u 4500 001 000000105644 003 CaOOAMICUS 005 20070614095146.0 008 070614s2006 it u000 u ita u 020 $a88-14-13201-1 040 $aPUL$bita$dLDB 100 1 $aCaringella, Francesco.$0(OLS)http://pul/name/50309 240 10$aCodice civile.$0(OLS)http://pul/title/25826 245 10$aCodice civile :$bannotato con la giurisprudenza ammesso alle prove scritte dell'esame di avvocato /$cFrancesco Caringella, Francesca Della Valle, Sandra Della Valle. 250 $a2. ed. 260 $aMilano :$bGiuffrè,$c2006. 300 $a3919 p. ;$c26 cm +$ecd-rom 490 1 $aPercorsi Giuffrè 500 $aContiene indice analitico. 650 4$aDiritto civile$zItalia.$0(OLS)http://pul/subject/3770 700 1 $aDella Valle, Sandra.$0(OLS)http://pul/name/64871 700 1 $aDella Valle, Francesca.$0(OLS)http://pul/name/64872 830 0$aPercorsi (Giuffrè).$0(OLS)http://pul/title/132978 850 $aPUL 852 $aPUL$W1$xDP2 Diritto e Scienze Sociali 3$y110$m346. 45 CODCIV 4$j118391$qDDC 21$B118293$CPULBib$Z2$F118293 $H104193 $82 941 1 $a9 996 $6020$a88-14-13201-1$9(OLS)http://pul/number/134833 996 $6245$aCodice civile :$bannotato con la giurisprudenza ammesso alle prove scritte dell'esame di avvocato$9(OLS)http://pul/title/132977 996 $6260$aMilano :$bGiuffrè$9(OLS)http://pul/publisher/48401 LEADER 01591nam a2200337 a 4500 001 000000161422 003 CaOOAMICUS 005 20170620110052.0 008 170620s2017 it u000 u ita r 020 $z978-88-467-49321* 032 $aLibriCat 040 $aPUL$bita 082 04$a103 245 00$aFormare e tras-formare l'uomo :$bper una storia della filosofia come paideia /$ca cura di Patrizia Manganaro, Emmanuele Vimercati. 260 $aPisa :$bETS,$c©2017. 300 $a298 p. ;$c22 cm. 490 1 $aPhilosophica. Serie rossa ;$v186 650 4$aUomo (filosofia).$0(OLS)http://pul/subject/436 650 4$aFilosofia occidentale.$0(OLS)http://pul/subject/35955 700 1 $aManganaro, Patrizia,$d1964-$0(OLS)http://pul/name/26746 700 1 $aVimercati, Emmanuele,$d1978-$0(OLS)http://pul/name/53580 830 0$aPhilosophica (ETS)$pSerie rossa ;$v186.$0(OLS)http://pul/title/157046 850 $aPUL 852 $aPUL$W1$xSL Filosofia 3$y81$m103 COLL 13.186B$j185627$bseconda copia$qDDC 21$B188844$CPULBib$Z2$F188844 $H129931 $81 852 $aPUL$W1$xSL Filosofia 3$y81$m103 COLL 13.186$j185378$qDDC 21$B188591$CPULBib$Z2$F188591 $H129904 $81 941 1 $a9 996 $6020$z978-88-467-49321*$9(OLS)http://pul/number/162887 996 $6082$a103$9(OLS)http://pul/classification/621 996 $6245$aFormare e tras-formare l'uomo :$bper una storia della filosofia come paideia$9(OLS)http://pul/title/201146 996 $6260$aPisa :$bETS$9(OLS)http://pul/publisher/65234